[Event "June TNT"]
[Site "Winnipeg CAN"]
[Date "2006.06.13"]
[Round "2"]
[White "Wasserman, Leor"]
[Black "Wiebe, Daniel"]
[Result "1/2-1/2"]
[WhiteElo "1402"]
[BlackElo "1257"]
[PlyCount "61"]
[EventDate "2006.06.06"]
[EventType "swiss"]
[EventRounds "4"]
[EventCountry "CAN"]

1. e4 e5 2. Nf3 Nc6 3. Bc4 Nf6 4. Ng5 d5 5. exd5 Nxd5 6. Qf3 Qxg5 7. Bxd5 Qg6
8. Be4 f5 9. Bxc6+ Qxc6 10. Qxc6+ bxc6 11. O-O Ba6 12. Re1 Bd6 13. d4 e4 14. f3
O-O 15. fxe4 Rfe8 16. e5 Bf8 17. Bf4 Rab8 18. b3 c5 19. c3 cxd4 20. cxd4 c5 21.
d5 Rb4 22. g3 c4 23. bxc4 Rxc4 24. Nd2 Bc5+ 25. Kg2 Rd4 26. d6 Bb7+ 27. Kh3 Re6
28. Nb3 Rxf4 29. gxf4 Rh6+ 30. Kg3 Rg6+ 31. Kh3 1/2-1/2

[Event "June TNT"]
[Site "Winnipeg CAN"]
[Date "2006.06.20"]
[Round "3"]
[White "Booth, Kevin"]
[Black "Greenberg, Harley"]
[Result "1/2-1/2"]
[WhiteElo "1574"]
[BlackElo "1712"]
[PlyCount "115"]
[EventDate "2006.06.06"]
[EventType "swiss"]
[EventRounds "4"]
[EventCountry "CAN"]

1. d4 Nf6 2. c4 e6 3. Nf3 c5 4. Nc3 cxd4 5. Nxd4 Nc6 6. Bf4 d5 7. cxd5 Nxd5 8.
Nxd5 exd5 9. a3 Qf6 10. e3 Bc5 11. Bb5 O-O 12. Bxc6 bxc6 13. b4 Bb6 14. Rc1 c5
15. Nb3 Ba6 16. Nxc5 Bxc5 17. Rxc5 Bc4 18. Qc1 Rfe8 19. Kd2 Qg6 20. Qb1 Qxg2
21. Bg3 Rad8 22. Rg1 Qf3 23. Qd1 Qf6 24. Qa1 d4 25. Rxc4 dxe3+ 26. Kc2 Qf5+ 27.
Kb3 exf2 28. Bxf2 Rd3+ 29. Ka4 Qd7+ 30. b5 g6 31. Rd4 Rxd4+ 32. Qxd4 Qb7 33.
Re1 Rb8 34. Qc5 a6 35. b6 Qd7+ 36. Kb3 Rc8 37. Qb4 Qd3+ 38. Kb2 Qc2+ 39. Ka1
Qxf2 40. b7 Qf6+ 41. Qb2 Qxb2+ 42. Kxb2 Rb8 43. Re7 Kg7 44. Kc3 Kf6 45. Rc7 Ke6
46. Kc4 g5 47. Kc5 h5 48. Kc6 f5 49. Rc8 Rxb7 50. Kxb7 f4 51. Kxa6 g4 52. Kb7
f3 53. a4 h4 54. a5 f2 55. Rc1 g3 56. hxg3 hxg3 57. a6 g2 58. a7 1/2-1/2

[Event "June TNT"]
[Site "Winnipeg CAN"]
[Date "2006.06.20"]
[Round "3"]
[White "Gibbons, Lorne"]
[Black "Essery, Richard"]
[Result "1-0"]
[WhiteElo "1288"]
[BlackElo "1594"]
[PlyCount "79"]
[EventDate "2006.06.06"]
[EventType "swiss"]
[EventRounds "4"]
[EventCountry "CAN"]

1. d4 Nf6 2. c4 b5 3. cxb5 a6 4. bxa6 Bxa6 5. Bf4 e6 6. Qc2 Bb4+ 7. Nc3 O-O 8.
a3 Ba5 9. b4 Bb6 10. Nf3 Bb7 11. e3 Bxf3 12. gxf3 Nh5 13. Bg3 Nxg3 14. fxg3 Re8
15. Bg2 c6 16. O-O e5 17. Qd3 Qf6 18. d5 Qg5 19. Rfe1 h5 20. dxc6 dxc6 21. a4
Na6 22. b5 Nb4 23. Qe2 cxb5 24. Ne4 Qg6 25. axb5 f5 26. Qc4+ Kh7 27. Qxb4 Rxa1
28. Rxa1 Bxe3+ 29. Nf2 Bxf2+ 30. Kxf2 Qb6+ 31. Kf1 e4 32. fxe4 Rxe4 33. Bxe4
fxe4 34. Qxe4+ g6 35. Rb1 Qf6+ 36. Kg2 Qg5 37. Rb2 Qc1 38. Qe2 h4 39. Rc2 Qh6
40. Rc7+ 1-0

[Event "June TNT"]
[Site "Winnipeg CAN"]
[Date "2006.06.20"]
[Round "3"]
[White "Khedkar, Jay"]
[Black "Nikouline, Alexandre"]
[Result "0-1"]
[WhiteElo "1877"]
[BlackElo "1984"]
[PlyCount "46"]
[EventDate "2006.06.06"]
[EventType "swiss"]
[EventRounds "4"]
[EventCountry "CAN"]

1. e4 c5 2. Nf3 e6 3. d4 cxd4 4. Nxd4 a6 5. Bd3 Bc5 6. Nb3 Be7 7. c4 Qc7 8. O-O
d6 9. Be3 Nf6 10. Nc3 Nbd7 11. Rc1 b6 12. f4 Bb7 13. Qf3 O-O 14. g4 h6 15. Qh3
Nh7 16. Nd2 Bf6 17. e5 dxe5 18. g5 exf4 19. Bxh7+ Kxh7 20. gxf6 fxe3 21. Nde4
gxf6 22. Qxe3 Rg8+ 23. Ng3 Qc6 0-1

[Event "June TNT"]
[Site "Winnipeg CAN"]
[Date "2006.06.20"]
[Round "3"]
[White "Kwiatek, Jordan"]
[Black "Wasserman, Arie"]
[Result "1-0"]
[WhiteElo "1855"]
[BlackElo "1535"]
[PlyCount "79"]
[EventDate "2006.06.06"]
[EventType "swiss"]
[EventRounds "4"]
[EventCountry "CAN"]

1. d4 Nf6 2. Nf3 d5 3. e3 Bg4 4. c4 e6 5. Qb3 b6 6. Ne5 Qd6 7. c5 Qe7 8. Bb5+
Kd8 9. Nxg4 Nxg4 10. O-O Nd7 11. h3 Nh6 12. Bc6 Rb8 13. cxb6 Rxb6 14. Qc2 Qd6
15. Ba4 e5 16. dxe5 Qxe5 17. Nc3 Ng4 18. g3 Ngf6 19. Nb5 Ra6 20. Nd4 Ne4 21.
Nc6+ Rxc6 22. Bxc6 Qe6 23. Bxd7 Qxd7 24. Rd1 Qf5 25. b3 Bd6 26. Bb2 Qe6 27. Kg2
Ng5 28. Rh1 Ne4 29. Rad1 Kd7 30. Qd3 Qf5 31. Qe2 h5 32. g4 Qg5 33. h4 Qg6 34.
Rxd5 hxg4 35. Qb5+ c6 36. Qb7+ Ke6 37. Qxc6 g3 38. f3 Rh5 39. Rxh5 Qxh5 40.
Qxe4+ 1-0

[Event "June TNT"]
[Site "Winnipeg CAN"]
[Date "2006.06.20"]
[Round "3"]
[White "Lauritson, Jim"]
[Black "Van Wyk, Joseph"]
[Result "1-0"]
[WhiteElo "1875"]
[BlackElo "1882"]
[PlyCount "67"]
[EventDate "2006.06.06"]
[EventType "swiss"]
[EventRounds "4"]
[EventCountry "CAN"]

1. d4 d5 2. c4 e6 3. Nc3 c5 4. cxd5 cxd4 5. Qa4+ Bd7 6. Qxd4 exd5 7. Qxd5 Nc6
8. Nf3 Nf6 9. Qd1 Bc5 10. e3 Qc7 11. Be2 O-O-O 12. O-O g5 13. b4 Bxb4 14. Bb2
Rhg8 15. Nd4 Nxd4 16. exd4 g4 17. Rc1 Kb8 18. Re1 Qd6 19. Qb3 Bc6 20. Bb5 Bxc3
21. Bxc6 Qxc6 22. Bxc3 Qd5 23. Re7 Qxb3 24. axb3 Rd7 25. Rxd7 Nxd7 26. Bd2 Re8
27. Bf4+ Ka8 28. d5 Nc5 29. d6 b6 30. b4 Ne6 31. Bg3 Kb7 32. Kf1 Rc8 33. Rd1
Rd8 34. Rd5 1-0

[Event "June TNT"]
[Site "Winnipeg CAN"]
[Date "2006.06.20"]
[Round "3"]
[White "Nguyen, Huy"]
[Black "Anderson, George"]
[Result "1-0"]
[WhiteElo "1638"]
[BlackElo "1509"]
[PlyCount "73"]
[EventDate "2006.06.06"]
[EventType "swiss"]
[EventRounds "4"]
[EventCountry "CAN"]

1. Nf3 e6 2. e4 d5 3. e5 Bd7 4. d4 c5 5. c3 Qb6 6. Be2 Nc6 7. O-O cxd4 8. cxd4
Rc8 9. Nc3 Nge7 10. Na4 Qc7 11. Bf4 Nf5 12. Rc1 Be7 13. g4 g5 14. Nxg5 Bxg5 15.
Bxg5 Nfxd4 16. Bf6 Rg8 17. Bd3 h5 18. g5 Rxg5+ 19. Bxg5 Qxe5 20. Qxh5 Qxg5+ 21.
Qxg5 Nf3+ 22. Kg2 Nxg5 23. h4 Ne4 24. Bxe4 dxe4 25. Nc5 f5 26. f4 b6 27. Nxd7
Kxd7 28. Rfd1+ Ke7 29. Rc3 Rd8 30. Rxd8 Nxd8 31. Rc7+ Kd6 32. Rxa7 e5 33. h5
exf4 34. h6 e3 35. h7 Ne6 36. h8=Q Ng5 37. Qf6+ 1-0

[Event "June TNT"]
[Site "Winnipeg CAN"]
[Date "2006.06.20"]
[Round "3"]
[White "Rumpel, Chris"]
[Black "Wasserman, Leor"]
[Result "1-0"]
[WhiteElo "1748"]
[BlackElo "1402"]
[PlyCount "73"]
[EventDate "2006.06.06"]
[EventType "swiss"]
[EventRounds "4"]
[EventCountry "CAN"]

1. d4 d5 2. c4 e6 3. Nc3 Nf6 4. Bg5 Bb4 5. a3 Bxc3+ 6. bxc3 h6 7. Bh4 b6 8.
cxd5 exd5 9. e3 Nbd7 10. Nf3 Bb7 11. Bd3 O-O 12. O-O Qe7 13. Qc2 Qd6 14. Rfe1
Rfe8 15. Bg3 Qc6 16. Ne5 Nxe5 17. Bxe5 Nd7 18. Bg3 Nf6 19. Rab1 a6 20. f3 Re7
21. c4 Rae8 22. Bf2 Qd6 23. c5 Qd7 24. cxb6 cxb6 25. Rxb6 Rc8 26. Qb1 Rc3 27.
Bf5 Qa4 28. Rxb7 Rxb7 29. Qxb7 g6 30. Qe7 Kg7 31. Be6 Qe8 32. Qxe8 Nxe8 33.
Bxd5 Rxa3 34. Rb1 Nd6 35. Bg3 Nf5 36. Be5+ Kf8 37. e4 1-0

[Event "June TNT"]
[Site "Winnipeg CAN"]
[Date "2006.06.20"]
[Round "3"]
[White "Silva, T Romeo"]
[Black "Rutter, Blair"]
[Result "1-0"]
[WhiteElo "1682"]
[BlackElo "1786"]
[PlyCount "118"]
[EventDate "2006.06.06"]
[EventType "swiss"]
[EventRounds "4"]
[EventCountry "CAN"]

1. d4 d5 2. c4 e6 3. Nc3 Nf6 4. Bg5 Be7 5. e3 O-O 6. Nf3 Nbd7 7. Bd3 b6 8. O-O
Bb7 9. Rc1 Rc8 10. Ne1 Re8 11. Ne2 e5 12. Bf5 e4 13. b3 c6 14. Nf4 Rc7 15. Bh4
h6 16. Bg3 Rc8 17. Nh5 g6 18. Nxf6+ Bxf6 19. Bh3 Kg7 20. f4 Rh8 21. Nc2 Qe7 22.
Qg4 Rcd8 23. Be1 a5 24. cxd5 cxd5 25. b4 a4 26. Na3 h5 27. Qd1 b5 28. Rf2 Ba6
29. Rc7 Qe8 30. Rfc2 Nf8 31. R2c6 Bb7 32. Rxf6 Kxf6 33. Bh4+ Kg7 34. Bxd8 Bc6
35. Rc8 Bd7 36. Bxd7 Qxd7 37. Qc2 Nh7 38. Rc5 Rxd8 39. Nxb5 Nf6 40. a3 Ng4 41.
Qe2 Rb8 42. Nc3 Nf6 43. h3 Rc8 44. Qb5 Qe6 45. Qxa4 Rd8 46. b5 Nd7 47. Rc6 Qe7
48. Nxd5 Qh4 49. Qd1 Nb8 50. Rc5 Nd7 51. Rc1 Qg3 52. Qd2 Nf8 53. Nb4 g5 54.
fxg5 Qxg5 55. Rc5 Qxc5 56. dxc5 Rxd2 57. c6 Ne6 58. b6 Rb2 59. b7 Ng5 1-0

[Event "June TNT"]
[Site "Winnipeg CAN"]
[Date "2006.06.20"]
[Round "3"]
[White "Wiebe, Daniel"]
[Black "Prince, Colin"]
[Result "0-1"]
[WhiteElo "1257"]
[BlackElo "1873"]
[PlyCount "90"]
[EventDate "2006.06.06"]
[EventType "swiss"]
[EventRounds "4"]
[EventCountry "CAN"]

1. e4 c5 2. Nf3 Nc6 3. d4 cxd4 4. Nxd4 g6 5. Be3 Bg7 6. Nc3 d6 7. Qd2 Nf6 8.
Bc4 O-O 9. O-O-O Qa5 10. Nxc6 bxc6 11. Bh6 Rb8 12. Bxg7 Kxg7 13. h4 h5 14. f3
Be6 15. Bxe6 fxe6 16. g4 Rb6 17. gxh5 Nxh5 18. Rhg1 Rfb8 19. Rg5 e5 20. b3 Nf4
21. Rdg1 Rh8 22. Qxf4 exf4 23. Rxa5 Rxh4 24. Rxa7 Kf6 25. Rc7 Rh3 26. Na4 Ra6
27. Rg4 Rxf3 28. Kb2 g5 29. Nc3 Re3 30. a4 Ra8 31. Rxc6 Kg6 32. Rc7 Kh5 33. Rg1
Re8 34. Nd5 Rxe4 35. Rxe7 R8xe7 36. Nf6+ Kg6 37. Nxe4 Rxe4 38. a5 f3 39. a6 Re7
40. Ra1 Ra7 41. b4 g4 42. b5 f2 43. b6 Rxa6 44. Rxa6 f1=Q 45. b7 Qb5+ 0-1

[Event "June TNT"]
[Site "Winnipeg CAN"]
[Date "2006.06.27"]
[Round "4"]
[White "Anderson, George"]
[Black "Wasserman, Leor"]
[Result "1-0"]
[WhiteElo "1509"]
[BlackElo "1402"]
[PlyCount "81"]
[EventDate "2006.06.06"]
[EventType "swiss"]
[EventRounds "4"]
[EventCountry "CAN"]

1. e4 e5 2. Nf3 Nc6 3. d4 exd4 4. c3 dxc3 5. Bc4 Bb4 6. O-O Nge7 7. Nxc3 Bxc3
8. Qb3 O-O 9. Qxc3 d6 10. Bg5 Be6 11. Bd3 f6 12. Bh4 Ng6 13. Bg3 Nce5 14. Be2
Re8 15. Rfd1 Nxf3+ 16. Bxf3 Qd7 17. Rac1 Rac8 18. Bh5 Bg4 19. Bxg6 hxg6 20. f3
Be6 21. e5 fxe5 22. Bxe5 Qe7 23. Bg3 Bf5 24. Qb3+ Kh8 25. Qxb7 Qe3+ 26. Bf2 Qg5
27. Rxc7 Rxc7 28. Qxc7 Rc8 29. Qxd6 Rc1 30. f4 Rxd1+ 31. Qxd1 Qxf4 32. Bxa7 Qc4
33. a3 Bg4 34. Qe1 Qa6 35. Bd4 Kg8 36. Qe5 Qb7 37. b4 Kh7 38. a4 Kh6 39. b5 Qc8
40. Qxg7+ Kg5 41. Qf6+ 1-0

[Event "June TNT"]
[Site "Winnipeg CAN"]
[Date "2006.06.27"]
[Round "4"]
[White "Gibson, Fred"]
[Black "Wiebe, Daniel"]
[Result "0-1"]
[WhiteElo "1206"]
[BlackElo "1257"]
[PlyCount "40"]
[EventDate "2006.06.06"]
[EventType "swiss"]
[EventRounds "4"]
[EventCountry "CAN"]

1. e4 e5 2. Nf3 Nc6 3. Bb5 a6 4. Ba4 Nd4 5. Nxe5 Qg5 6. Ng4 Nf6 7. d3 Qxg4 8.
Qxg4 Nxg4 9. c3 Nc6 10. Bf4 d6 11. f3 Nge5 12. Nd2 Nxd3+ 13. Ke2 Nxf4+ 14. Kf1
Bd7 15. Bc2 O-O-O 16. Kf2 d5 17. e5 Nxe5 18. Bb3 Bc5+ 19. Kg3 Ne2+ 20. Kh4 Be7+
0-1

[Event "June TNT"]
[Site "Winnipeg CAN"]
[Date "2006.06.27"]
[Round "4"]
[White "Nikouline, Alexandre"]
[Black "Lauritson, Jim"]
[Result "1-0"]
[WhiteElo "1984"]
[BlackElo "1875"]
[PlyCount "57"]
[EventDate "2006.06.06"]
[EventType "swiss"]
[EventRounds "4"]
[EventCountry "CAN"]

1. e4 c5 2. Nf3 e6 3. d4 cxd4 4. Nxd4 Nc6 5. Nc3 Qc7 6. Ndb5 Qb8 7. Be3 a6 8.
Bb6 axb5 9. Nxb5 Qe5 10. Nc7+ Ke7 11. Nxa8 Qxe4+ 12. Be2 f5 13. O-O Nf6 14. Bf3
Qb4 15. b3 Qa3 16. Nc7 Qb4 17. Bxc6 bxc6 18. Qd4 Kf7 19. Qxb4 Bxb4 20. a4 Ne8
21. Nxe8 Rxe8 22. Rfd1 Ke7 23. Bd4 g6 24. c3 Bd6 25. Bf6+ Kxf6 26. Rxd6 Ke7 27.
Rad1 Rd8 28. b4 Bb7 29. c4 1-0

[Event "June TNT"]
[Site "Winnipeg CAN"]
[Date "2006.06.27"]
[Round "4"]
[White "Prince, Colin"]
[Black "Rumpel, Chris"]
[Result "1-0"]
[WhiteElo "1873"]
[BlackElo "1748"]
[PlyCount "59"]
[EventDate "2006.06.06"]
[EventType "swiss"]
[EventRounds "4"]
[EventCountry "CAN"]

1. e4 e6 2. d4 d5 3. e5 c5 4. c3 Qb6 5. Nf3 Nc6 6. Bd3 Bd7 7. O-O cxd4 8. cxd4
Nxd4 9. Nxd4 Qxd4 10. Nc3 Qxe5 11. Re1 Qb8 12. Nxd5 Bd6 13. g3 Bc6 14. Nf4 e5
15. Qg4 g6 16. Bd2 Ne7 17. Bc3 O-O 18. Nh5 Nd5 19. Bc4 Nxc3 20. bxc3 Qc8 21.
Nf6+ Kg7 22. Qd1 Bc7 23. Nd5 Rd8 24. Qb3 b5 25. Ne7 bxc4 26. Qxc4 Qe6 27. Qxe6
fxe6 28. Nxc6 Rd5 29. Rad1 Rc5 30. Rd7+ 1-0

[Event "June TNT"]
[Site "Winnipeg CAN"]
[Date "2006.06.27"]
[Round "4"]
[White "Rutter, Blair"]
[Black "Greenberg, Harley"]
[Result "1-0"]
[WhiteElo "1786"]
[BlackElo "1712"]
[PlyCount "81"]
[EventDate "2006.06.06"]
[EventType "swiss"]
[EventRounds "4"]
[EventCountry "CAN"]

1. c4 Nf6 2. g3 e6 3. Bg2 d5 4. d4 Nc6 5. e3 Bd6 6. Nc3 O-O 7. a3 dxc4 8. Qa4
Bd7 9. Qxc4 Na5 10. Qa2 Bc6 11. e4 b5 12. Nge2 b4 13. axb4 Bxb4 14. O-O Bb7 15.
h3 c5 16. dxc5 Bxc5 17. Qxa5 Bb6 18. Qb4 Rb8 19. Qa4 Nh5 20. g4 Nf6 21. Bf4 Ra8
22. Rad1 Qc8 23. e5 Bxg2 24. Kxg2 Qb7+ 25. f3 Nd5 26. Nxd5 exd5 27. Nc3 Rad8
28. Qb3 d4 29. Ne4 Kh8 30. Rd3 Qe7 31. Rf2 h6 32. Rc2 f5 33. exf6 gxf6 34. Rc6
h5 35. Qe6 Qb4 36. Qf5 Rf7 37. Rxf6 Rh7 38. Be5 Rg7 39. Rh6+ Kg8 40. Qe6+ Kf8
41. Rf6+ 1-0

[Event "June TNT"]
[Site "Winnipeg CAN"]
[Date "2006.06.27"]
[Round "4"]
[White "Silva, T Romeo"]
[Black "Khedkar, Jay"]
[Result "1-0"]
[WhiteElo "1682"]
[BlackElo "1877"]
[PlyCount "57"]
[EventDate "2006.06.06"]
[EventType "swiss"]
[EventRounds "4"]
[EventCountry "CAN"]

1. d4 Nf6 2. c4 e6 3. a3 d5 4. Nc3 c6 5. Bg5 Be7 6. e3 Nbd7 7. Nf3 O-O 8. Be2
b6 9. O-O Bb7 10. Rc1 c5 11. Bd3 Ne4 12. Bxe7 Qxe7 13. cxd5 exd5 14. Re1 Rfd8
15. Bb1 Rac8 16. Nb5 a6 17. Nc3 b5 18. Ne2 g5 19. Ng3 Nxg3 20. hxg3 h6 21. Qc2
Nf6 22. dxc5 Ne4 23. b4 Qf6 24. Nd4 g4 25. Rf1 Bc6 26. f3 Nxg3 27. Qh7+ Kf8 28.
fxg4 Nxf1 29. Rxf1 1-0

[Event "Kent Oliver mem"]
[Site "Winnipeg CAN"]
[Date "2006.01.20"]
[Round "1"]
[White "Anderson, George"]
[Black "Joven, Perfecto"]
[Result "0-1"]
[WhiteElo "1500"]
[BlackElo "1847"]
[PlyCount "40"]
[EventDate "2006.01.20"]
[EventType "swiss"]
[EventRounds "5"]
[EventCountry "CAN"]

1. e4 c5 2. b4 e5 3. bxc5 Bxc5 4. Bb2 Bxf2+ 5. Kxf2 Qb6+ 6. Kg3 Qxb2 7. Nc3 Nf6
8. Nf3 Qb6 9. Nd5 Nxd5 10. exd5 O-O 11. Bd3 f5 12. Nxe5 Qd4 13. Qe2 d6 14. Nc4
f4+ 15. Kf3 g5 16. Qe4 g4+ 17. Ke2 f3+ 18. gxf3 gxf3+ 19. Qxf3 Rxf3 20. Rhg1+
Bg4 0-1

[Event "Kent Oliver mem"]
[Site "Winnipeg CAN"]
[Date "2006.01.20"]
[Round "1"]
[White "Bist, Jordan"]
[Black "Kohalmi, Andy"]
[Result "0-1"]
[WhiteElo "1231"]
[BlackElo "1723"]
[PlyCount "40"]
[EventDate "2006.01.20"]
[EventType "swiss"]
[EventRounds "5"]
[EventCountry "CAN"]

1. c4 Nf6 2. Nc3 e6 3. e4 d6 4. d4 b6 5. Nf3 Nbd7 6. Bd3 Be7 7. O-O O-O 8. b3
Bb7 9. Re1 Re8 10. Rb1 c5 11. dxc5 Nxc5 12. b4 Nxd3 13. Qxd3 a6 14. c5 dxc5 15.
bxc5 Qxd3 16. Rb3 Bxc5 17. Ne5 Qd6 18. Bf4 Bxe4 19. Nxe4 Nxe4 20. Rxe4 Qd1+ 0-1

[Event "Kent Oliver mem"]
[Site "Winnipeg CAN"]
[Date "2006.01.20"]
[Round "1"]
[White "Curtis, Rory"]
[Black "Zaczek, Jonathan"]
[Result "0-1"]
[WhiteElo "1676"]
[BlackElo "2029"]
[PlyCount "114"]
[EventDate "2006.01.20"]
[EventType "swiss"]
[EventRounds "5"]
[EventCountry "CAN"]

1. d4 Nf6 2. c4 g6 3. Nc3 d5 4. cxd5 Nxd5 5. e4 Nxc3 6. bxc3 Bg7 7. Nf3 O-O 8.
Be2 c5 9. Rb1 cxd4 10. cxd4 Qa5+ 11. Bd2 Qxa2 12. O-O Nc6 13. d5 Na5 14. Bg5
Qa3 15. Nd4 a6 16. Ra1 Qc5 17. Be3 Nc4 18. Bxc4 Qxc4 19. Rc1 Qb4 20. Rc7 Qd6
21. Rc2 Bd7 22. Qd2 Rfc8 23. Rb1 b5 24. f4 e6 25. dxe6 Bxe6 26. e5 Qd7 27. Nxe6
Qxe6 28. Rxc8+ Rxc8 29. Qd6 Qxd6 30. exd6 Rd8 31. Rd1 Rd7 32. Bc5 Bf8 33. Kf2
f5 34. Ke3 Kf7 35. Rd5 Bg7 36. Rd2 Ke6 37. Ra2 Kd5 38. Ba3 Bf8 39. Bb4 Bxd6 40.
Ba5 Bc5+ 41. Kf3 Kc6 42. Rc2 Rd4 43. Ke2 Rxf4 44. Be1 Kb6 45. Ba5+ Kxa5 46.
Rxc5 Kb4 47. Rc1 Rd4 48. Rb1+ Ka5 49. Kf3 Rd7 50. Ra1+ Kb6 51. h3 b4 52. g4
fxg4+ 53. Kxg4 a5 54. Rf1 a4 55. Rf6+ Kb5 56. Re6 b3 57. Re5+ Kb4 0-1

[Event "Kent Oliver mem"]
[Site "Winnipeg CAN"]
[Date "2006.01.20"]
[Round "1"]
[White "Gannon, Keith"]
[Black "Nikouline, Alexandre"]
[Result "0-1"]
[WhiteElo "1540"]
[BlackElo "1947"]
[PlyCount "152"]
[EventDate "2006.01.20"]
[EventType "swiss"]
[EventRounds "5"]
[EventCountry "CAN"]

1. e4 c5 2. b3 d6 3. Bb5+ Bd7 4. Bxd7+ Qxd7 5. Bb2 Nc6 6. d4 cxd4 7. Bxd4 Nxd4
8. Qxd4 Qc6 9. c4 Nf6 10. Nc3 e6 11. Nf3 Be7 12. O-O O-O 13. Rad1 Rfd8 14. Rfe1
a6 15. a4 Rac8 16. Qe3 Nd7 17. Nd2 Ne5 18. Qe2 Bf6 19. Na2 Qb6 20. Qe3 Qxe3 21.
Rxe3 d5 22. exd5 exd5 23. cxd5 Rxd5 24. Re2 Bg5 25. Kf1 Rcd8 26. Ke1 Nd3+ 27.
Kf1 Nb2 28. Rb1 Rxd2 29. Rxb2 Kf8 30. g3 Rd1+ 31. Kg2 Rc8 32. Rec2 Rxc2 33.
Rxc2 Rd2 34. Rxd2 Bxd2 35. Kf3 Ke7 36. Ke2 Ba5 37. Nc1 Kd6 38. Kd3 Kd5 39. Ne2
Bb6 40. f3 Bf2 41. Nf4+ Kc5 42. Nh3 Bd4 43. Ng5 Bg1 44. h3 Bh2 45. g4 h6 46.
Nxf7 Bc7 47. h4 Kd5 48. h5 Ke6 49. Nh8 Kd5 50. Ng6 Bd6 51. Nh4 Be5 52. Ng2 Kc5
53. f4 Bf6 54. Ne1 Kb4 55. Kc2 Kc5 56. Nf3 Kd5 57. Kd3 Bd8 58. g5 Bc7 59. gxh6
gxh6 60. Nd2 Bxf4 61. Nc4 Bc7 62. Ne3+ Ke6 63. Ke4 Ba5 64. Nd5 Bd2 65. b4 Be1
66. b5 a5 67. Ne3 Kf6 68. Kf3 Kg5 69. Kg2 Kxh5 70. Nc4 Bb4 71. b6 Kg5 72. Kh3
Kf6 73. Kg4 Ke6 74. Kh5 Kd5 75. Ne3+ Kc5 76. Kxh6 Bd2 0-1

[Event "Kent Oliver mem"]
[Site "Winnipeg CAN"]
[Date "2006.01.20"]
[Round "1"]
[White "Gibbons, Lorne"]
[Black "Oberton, Daniel"]
[Result "0-1"]
[WhiteElo "1284"]
[BlackElo "1752"]
[PlyCount "124"]
[EventDate "2006.01.20"]
[EventType "swiss"]
[EventRounds "5"]
[EventCountry "CAN"]

1. d4 Nf6 2. c4 g6 3. Nc3 Bg7 4. e4 d6 5. Bf4 O-O 6. Nf3 Nbd7 7. Be2 Nh5 8. Be3
e5 9. dxe5 dxe5 10. Nd2 Nhf6 11. Bg5 h6 12. Bh4 c6 13. Na4 Qe7 14. a3 b6 15. b4
c5 16. b5 Bb7 17. Nc3 a6 18. a4 axb5 19. cxb5 Rfd8 20. O-O Nf8 21. Qc2 Ne6 22.
f3 Nd4 23. Qb2 Rd7 24. Nc4 Qe6 25. Rfd1 g5 26. Be1 h5 27. h3 h4 28. a5 bxa5 29.
Nxa5 Qe8 30. Na4 Nxe2+ 31. Qxe2 Rxd1 32. Rxd1 Ba6 33. Rb1 Rb8 34. Nc3 Bc8 35.
Bf2 Bf8 36. Qb2 Nd7 37. Nd5 Bb7 38. Nxb7 Rxb7 39. Be1 f6 40. b6 Qe6 41. Qb5 Qd6
42. Ba5 Kf7 43. Qc4 Kg7 44. Qb3 Nb8 45. Nc7 Qe7 46. Ne6+ Kg8 47. Rd1 Nc6 48.
Nxf8+ Kxf8 49. Bc3 Nd4 50. Qb2 Qd6 51. Rb1 Kf7 52. Ba5 Ke7 53. Kf2 Nc6 54. Bc3
Nb8 55. Ba5 Qd4+ 56. Qxd4 exd4 57. Rc1 Kd6 58. Ke2 Kc6 59. Kd3 Nd7 60. Rb1 Ne5+
61. Kc2 Nc4 62. Bd2 Na3+ 0-1

[Event "Kent Oliver mem"]
[Site "Winnipeg CAN"]
[Date "2006.01.20"]
[Round "1"]
[White "Green, Jim"]
[Black "Bigras, Roger"]
[Result "1/2-1/2"]
[WhiteElo "1736"]
[BlackElo "1261"]
[PlyCount "36"]
[EventDate "2006.01.20"]
[EventType "swiss"]
[EventRounds "5"]
[EventCountry "CAN"]

1. e4 c5 2. Nf3 Nc6 3. Bb5 Qc7 4. O-O Nf6 5. Re1 g6 6. Bxc6 bxc6 7. c4 Ng4 8.
d4 cxd4 9. Qxd4 e5 10. Qc3 d6 11. h3 Nf6 12. Bg5 Bg7 13. Qd2 h6 14. Bxf6 Bxf6
15. Nc3 Ba6 16. b3 Bg7 17. Rad1 Rd8 18. Qc2 O-O 1/2-1/2

[Event "Kent Oliver mem"]
[Site "Winnipeg CAN"]
[Date "2006.01.20"]
[Round "1"]
[White "Khedkar, Jay"]
[Black "Booth, Kevin"]
[Result "1-0"]
[WhiteElo "1908"]
[BlackElo "1503"]
[PlyCount "86"]
[EventDate "2006.01.20"]
[EventType "swiss"]
[EventRounds "5"]
[EventCountry "CAN"]

1. e4 e5 2. Nf3 Nc6 3. Bb5 d6 4. d4 exd4 5. Nxd4 Bd7 6. Nc3 Nf6 7. O-O Be7 8.
f4 Nxd4 9. Qxd4 a6 10. Be2 b6 11. Be3 O-O 12. Rad1 Bc6 13. e5 Nd7 14. Qc4 Bb7
15. e6 fxe6 16. Qxe6+ Kh8 17. Nd5 Bf6 18. Nxf6 Nxf6 19. Bf3 Re8 20. Qb3 Bxf3
21. Rxf3 Ng4 22. h3 Nxe3 23. Rxe3 Rxe3 24. Qxe3 Qe8 25. Re1 Qxe3+ 26. Rxe3 Kg8
27. Re7 Rc8 28. Kf2 Kf8 29. Rd7 h6 30. f5 Kg8 31. g4 Kf8 32. Kf3 a5 33. Kf4 b5
34. g5 Re8 35. Rxc7 Re7 36. Rc8+ Re8 37. Rxe8+ Kxe8 38. h4 Kf7 39. Ke4 hxg5 40.
hxg5 Ke7 41. Kd5 Kd7 42. f6 gxf6 43. gxf6 a4 1-0

[Event "Kent Oliver mem"]
[Site "Winnipeg CAN"]
[Date "2006.01.20"]
[Round "1"]
[White "Rutter, Blair"]
[Black "Green, Aaron"]
[Result "1-0"]
[WhiteElo "1821"]
[BlackElo "1315"]
[PlyCount "91"]
[EventDate "2006.01.20"]
[EventType "swiss"]
[EventRounds "5"]
[EventCountry "CAN"]

1. c4 Nf6 2. g3 g6 3. Bg2 Bg7 4. Nc3 O-O 5. e4 d6 6. Nge2 e5 7. O-O Nc6 8. h3
Ne8 9. d3 Ne7 10. Be3 c5 11. Qd2 Be6 12. Kh2 Rb8 13. f4 Nc6 14. f5 Bd7 15. Rf2
Nf6 16. Raf1 Nd4 17. fxg6 fxg6 18. Bg5 Bc6 19. Nd5 Bxd5 20. exd5 Nxe2 21. Qxe2
h5 22. Bxf6 Rxf6 23. Rxf6 Bxf6 24. Be4 Kg7 25. g4 h4 26. Rg1 g5 27. Qf3 Qd7 28.
Bf5 Qe7 29. Rf1 Rf8 30. Be4 Qd7 31. Bf5 Qe7 32. Qe4 Qf7 33. b3 b6 34. Qe3 a5
35. Qc1 Qc7 36. Qa3 Rf7 37. Qa4 Re7 38. Kg2 Kf7 39. Kf3 Kg7 40. Ke4 Kf7 41. Qb5
Qb7 42. Qc6 Qxc6 43. dxc6 Rc7 44. Kd5 Ke7 45. a3 Kf7 46. Kxd6 1-0

[Event "Kent Oliver mem"]
[Site "Winnipeg CAN"]
[Date "2006.01.20"]
[Round "1"]
[White "Tang, Edward"]
[Black "Bist, Kent"]
[Result "1-0"]
[WhiteElo "1994"]
[BlackElo "1540"]
[PlyCount "41"]
[EventDate "2006.01.20"]
[EventType "swiss"]
[EventRounds "5"]
[EventCountry "CAN"]

1. e4 c5 2. Nf3 Nc6 3. d4 cxd4 4. Nxd4 a6 5. Nc3 d6 6. Be2 Nf6 7. O-O e6 8. Be3
Be7 9. f4 O-O 10. Qe1 Re8 11. Qg3 Bf8 12. Rad1 Qc7 13. Nf3 b5 14. e5 Nd7 15.
Kh1 Bb7 16. exd6 Bxd6 17. Ne4 Be7 18. Neg5 Nf6 19. Nxf7 Kxf7 20. Ng5+ Kg8 21.
Nxe6 1-0

[Event "Kent Oliver mem"]
[Site "Winnipeg CAN"]
[Date "2006.01.21"]
[Round "2"]
[White "Bigras, Roger"]
[Black "Curtis, Rory"]
[Result "0-1"]
[WhiteElo "1261"]
[BlackElo "1676"]
[PlyCount "58"]
[EventDate "2006.01.20"]
[EventType "swiss"]
[EventRounds "5"]
[EventCountry "CAN"]

1. e4 e5 2. Nf3 d6 3. d4 Nf6 4. Bd3 Nbd7 5. c4 exd4 6. Nxd4 Ne5 7. Nc3 Be7 8.
Be2 O-O 9. h3 Re8 10. f4 Ng6 11. g3 Bf8 12. f5 Ne5 13. Qc2 c6 14. g4 d5 15.
cxd5 cxd5 16. Bg5 Qb6 17. O-O-O Nxe4 18. Nxd5 Qc5 19. Qxc5 Bxc5 20. Bh4 Bd7 21.
Nc7 Rac8 22. Ndb5 Bb6 23. Bf3 Bxb5 24. Kb1 Bd3+ 25. Rxd3 Rxc7 26. Bd8 Nxd3 27.
Bxc7 Bxc7 28. Kc2 Nec5 29. a3 Ne1+ 0-1